000 00702nam a2200253Ia 4500
003 OSt
005 20220918223331.0
006 a|||||r|||| 00| 0
007 ta
008 220917b |||||||| |||| 00| 0 eng d
024 _a221,998
037 _cTextual
040 _aARTS
_cARTS
_beng
041 _2eng
_aeng
082 _aSM95x1, P3
100 _aFreud Sigmund
_942725
245 0 _aBeyond the pleasure principle and other writings
260 _aU.S.A.
_bPenguin books
_c2003
300 _axxxvi, 271p
_ccm.
650 _aPSYCHOLOGY
700 _a Reddick John Tr.
_9145533
942 _hSM95x1, P3
_cTEXL
_2CC
999 _c278186
_d278186